Statistics for Bible Trivia Challenge Quiz

Click here to take the quiz!

General Stats

  • This quiz has been taken 24 times
  • The average score is 12 of 15

Answer Stats

HintAnswer% Correct
Who spent some time with lovely lions?Daniel
100%
Who said, "Let there be light!"?God
100%
Which day is the correct Sabbath?Sabbath, Saturday, the seventh day Sabbath
100%
Does God have a plan for your life?Yes!
100%
What does the letter "I" start with?i
89%
Did Cain not kill Abel?No
89%
What does the letter "Z" start with?z
89%
What type of coat did Joseph have?A coat of many colors
84%
In which coming will Jesus come again?The Second Coming
84%
Who was Joseph, wife of Mary, married too?Mary
79%
How many chapters does Revelation have?22
74%
How many chapters are there in Isaiah?66
74%
What is the color of the brown squirrel I saw the other day?Brown, SON! BROWN!
74%
Which is the first of the seven churches John writes too?Ephesus
53%
Which is the last of the seven churches John wrties too?Laodicea
47%

Score Distribution

Percentile by Number Answered

Percent of People with Each Score

Your Score History

You have not taken this quiz